Регионална библиотека "Любен Каравелов" - Русе

Фараон Ехнатон (Запис номер 182254)

MARC детайли
000 -Лидер
Контролно поле с фиксирана дължина 01301nam a2200313 c 4500
003 - Код на организацията, давaща контролен номер
Контролно поле BLK
005 - Дата и час на последна редакция
Контролно поле 20200602104532.0
008 - Елементи от данни с фиксирана дължина
fixed length control field 180411b bul|||||r ||||||| ||bul||
010 ## - Наследен системен номер
LC control number KNG00191177000
040 ## - Източник на каталожния запис
Идентификатор на билиотеката - собственик на записа BLK
041 ## - Код за език
Код за езика на текст/звукозапис или на отделно заглавие Български
Код за езика КДБФ Български
080 ## - УДК
Текстов определител УДК Руска литература
УДК код - определител по УДК 821.161.1
УДК определител -311.6
УДК - код + определител 821.161.1-311.6
100 1# - Редна дума - Автор
Автор Гулиа, Георгий Дмитриевич
R(LIN) 342865
139 ## - Редно поле
Редна дума Гулиа, Георгий
Авторски знак Гул - Г 92
245 10 - Сведения за заглавието
Заглавие Фараон Ехнатон
Подзаглавни данни Истор. роман
Редно поле (дума) Георгий Гулиа; прев. от рус. Цвета Нанова; с предг. от Григор Кръстанов Ленков.
257 ## - Страна на издаване
Страна на създаване/издаване СССР
260 ## - Област на издателските данни
-- София
Име на издателя, разпространителя и проч. Нар. култура
Година на издаване 1977
Печатница Варна : печ. Ст. Добрев - Странджата
300 ## - Физическа характеристика
Страници 384 с.
Размери/Мащаб 21 см
380 ## - Жанр
Жанр Худож. лит.
500 ## - Общи забележки
Забележка Ориг. загл. Фараон Эхнатон. - 30 125 тир.
653 ## - Ключова дума – ненормативна
Ключова дума исторически романи
700 1# - Други автори (авторска отговорност)
Лично име Нанова, Цвета
Автороска отговорност (Описва отношението между автора и произведението) прев. от рус.
9 (RLIN) 383921
700 1# - Други автори (авторска отговорност)
Лично име Ленков, Григор Кръстанов
Автороска отговорност (Описва отношението между автора и произведението) с предг. от
9 (RLIN) 365627
852 ## - Местоположение
Форматна сигнатура Цб 85250
856 4# - Електронен адрес и достъп
Електронен формат pdf - файл
Път до файла /url/
856 4# - Електронен адрес и достъп
Електронен формат pdf - файл
Път до файла /url/
942 ## - АРТИКУЛИ
Вид на библиотечния материал Книги
Скрит в OPAC Не
944 ## - СЪЗДАВАНЕ И РЕДАКЦИЯ на ЗАПИСА
Създаване/Редакция Създаване
Дата на регистрацията/редакция 30.09.2016
Служител, извършил регистрацията/редакцията Правда_Бадева
944 ## - СЪЗДАВАНЕ И РЕДАКЦИЯ на ЗАПИСА
Създаване/Редакция Редакция
Дата на регистрацията/редакция 30.09.2016
Служител, извършил регистрацията/редакцията Правда_Бадева
999 ## - СИСТЕМНИ КОНТРОЛНИ НОМЕРА
Koha biblionumber 182254
Koha biblioitemnumber 182254
Наличности
Код за отписване Код за изгубен артикул Източник на класификационната схема Код за повреда Коз за рестрикции Код за отдаване Артикулен № Име на библиотеката - собственик Име на библиотеката, в която се намира в момента Статус (Текущо местоположение) Дата на вписване в системата Местоположение - отдел Цена в лева Инвентарен номер Систематично азбучна сигнатура Баркод Номер на екземпляра Цена в евро Служебна бележка Служебен тип на артикула
  Не е изгубен Universal Decimal Classification Не е повреден без рестрикции ползва се в читалня 312731 Регионална библиотека "Любен Каравелов" Русе Регионална библиотека "Любен Каравелов" Русе Хранилище 1977-01-01 Хранилище 1.59 224949 Цб 85250 120000224949 1 0.81 N: стар фонд Дата: 01.01.1977 Книги
Изтеглен Не е изгубен Universal Decimal Classification Не е повреден без рестрикции заемане за дома 312732 Регионална библиотека "Любен Каравелов" Русе Регионална библиотека "Любен Каравелов" Русе Заемна - подръчен фонд 1977-01-01 Заемна - подръчен фонд 1.59 225757 Цб 85250 225757 2 0.81 N: стар фонд Дата: 01.01.1977 Книги
Изтеглен Не е изгубен Universal Decimal Classification Не е повреден без рестрикции заемане за дома 312733 Регионална библиотека "Любен Каравелов" Русе Регионална библиотека "Любен Каравелов" Русе Заемна - подръчен фонд 1977-01-01 Заемна - подръчен фонд 1.59 225758 Цб 85250 225758 3 0.81 N: стар фонд Дата: 01.01.1977 Книги
Изтеглен Не е изгубен Universal Decimal Classification Не е повреден без рестрикции заемане за дома 312734 Регионална библиотека "Любен Каравелов" Русе Регионална библиотека "Любен Каравелов" Русе Заемна - подръчен фонд 1977-01-01 Заемна - подръчен фонд 1.59 225760 Цб 85250 225760 4 0.81 N: стар фонд Дата: 01.01.1977 Книги
Изтеглен Не е изгубен Universal Decimal Classification Не е повреден без рестрикции заемане за дома 312735 Регионална библиотека "Любен Каравелов" Русе Регионална библиотека "Любен Каравелов" Русе Заемна - подръчен фонд 1977-01-01 Заемна - подръчен фонд 1.59 225764 Цб 85250 225764 5 0.81 N: стар фонд Дата: 01.01.1977 Книги
Изтеглен Не е изгубен Universal Decimal Classification Не е повреден без рестрикции заемане за дома 312736 Регионална библиотека "Любен Каравелов" Русе Регионална библиотека "Любен Каравелов" Русе Заемна - подръчен фонд 1977-01-01 Заемна - подръчен фонд 1.59 225766 Цб 85250 225766 6 0.81 N: стар фонд Дата: 01.01.1977 Книги
Vip Innovations Ltd, Rousse, Bulgaria 2025